00356nam a2200109 4500008004100000040005500041080002400096100001500120245003500135260006700170300000900237240910b |||||||| |||| 00| 0 eng d aNational Science LibrarycNational Science Library a539.124.143=590bK5 aUrsu, ioan aRezonanta electronica de spin  aRomainbEditura academiei republichii socialiste romaniac1965 b412p